Online
Catalog

El Caribe y Cuba en la posguerra fría / (Record no. 13088)

MARC details
000 -CABECERA
campo de control de longitud fija 01411cam a2200289 a 4500
001 - NÚMERO DE CONTROL
campo de control 000013464
003 - IDENTIFICADOR DEL NÚMERO DE CONTROL
campo de control DO-SdBNP
005 - FECHA Y HORA DE LA ÚLTIMA TRANSACCIÓN
campo de control 20250617124246.0
008 - DATOS DE LONGITUD FIJA--INFORMACIÓN GENERAL
campo de control de longitud fija 950222s1994 ve b 001 0 spa d
020 ## - NÚMERO INTERNACIONAL ESTÁNDAR DEL LIBRO
Número Internacional Estándar del Libro 9803170635
040 ## - FUENTE DE LA CATALOGACIÓN
Centro catalogador/agencia de origen DO-SdBNP
Lengua de catalogación spa
Centro/agencia transcriptor NcD
Centro/agencia modificador BNPHU
049 ## - FONDOS LOCALES (OCLC)
Fondos de biblioteca BNGR
082 ## - NÚMERO DE LA CLASIFICACIÓN DECIMAL DEWEY
Número de clasificación 327.7291
Número de documento/Ítem C277c
245 03 - MENCIÓN DE TÍTULO
Título El Caribe y Cuba en la posguerra fría /
Mención de responsabilidad, etc. Andrés Serbin, Joseph Tulchin (compiladores) ; edición Helena González.
260 ## - PUBLICACIÓN, DISTRIBUCIÓN, ETC.
Lugar de publicación, distribución, etc. Caracas, (Venezuela) :
Nombre del editor, distribuidor, etc. Instituto Venezolano de Estudios Sociales y Políticos (INVESP) :
-- Nueva Sociedad,
Fecha de publicación, distribución, etc. 1994.
300 ## - DESCRIPCIÓN FÍSICA
Extensión 272 p. ;
Dimensiones 23 cm.
504 ## - NOTA DE BIBLIOGRAFÍA, ETC.
Nota de bibliografía, etc. Incluye referencias bibliográficas.
520 1# - SUMARIO, ETC.
Sumario, etc. Estudio más completo disponible incluye una amplia cobertura de las relaciones cubano-Caribe desde diferentes perspectivas. Rangos de las cuestiones de la transición del régimen en el ámbito de la migración. Los expertos en el campo contribuyó capítulos" - Handbook of Latin American Studies, v. 57.
Identificador Uniforme del Recurso <a href="http://www.loc.gov/hlas/">http://www.loc.gov/hlas/</a>
650 #4 - PUNTO DE ACCESO ADICIONAL DE MATERIA--TÉRMINO DE MATERIA
Término de materia o nombre geográfico como elemento de entrada Cooperación económica
Subdivisión geográfica Cuba
9 (RLIN) 30755
650 #4 - PUNTO DE ACCESO ADICIONAL DE MATERIA--TÉRMINO DE MATERIA
Término de materia o nombre geográfico como elemento de entrada Cooperación económica
Subdivisión geográfica Caribe (Región)
9 (RLIN) 30756
651 #4 - PUNTO DE ACCESO ADICIONAL DE MATERIA--NOMBRE GEOGRÁFICO
Nombre geográfico Caribe, Región
Subdivisión general Relaciones económicas exteriores
Subdivisión geográfica Cuba
9 (RLIN) 30757
700 1# - PUNTO DE ACCESO ADICIONAL--NOMBRE DE PERSONA
Nombre de persona Serbin, Andrés.
Término indicativo de función/relación comp.
9 (RLIN) 30573
700 1# - PUNTO DE ACCESO ADICIONAL--NOMBRE DE PERSONA
Nombre de persona Tulchin, Joseph S.,
Término indicativo de función/relación comp.
9 (RLIN) 30758
700 1# - PUNTO DE ACCESO ADICIONAL--NOMBRE DE PERSONA
Nombre de persona González, Helena
Término indicativo de función/relación ed.
9 (RLIN) 19692
910 ## - DATOS DE OPCIÓN DEL USUARIO (OCLC)
Datos de opción del usuario Catalogación por copia/LC
942 ## - ELEMENTOS DE PUNTO DE ACCESO ADICIONAL (KOHA)
Fuente del sistema de clasificación o colocación Dewey Decimal Classification
Tipo de ítem Koha Libro
Holdings
Estado de retiro Estado de pérdida Restricciones de uso No para préstamo Código de colección Localización permanente Ubicación/localización actual Ubicación en estantería Fecha de adquisición Número de inventario Total de préstamos Signatura topográfica completa Código de barras Fecha visto por última vez Precio válido a partir de Tipo de ítem Koha
    Préstamo interno   Monografías: Libros y Folletos General General En catalogación 24.11.2009 LF1   327.7291 C277c 13464-10 25.06.2020 25.06.2020 Préstamo interno

Powered by Koha